000 00473nam a2200169Ia 4500
008 240729s9999 xx 000 0 und d
022 _a2193-1127
245 0 _aEPJ Data Science
260 _aUnited Kingdom
260 _bSpringerOpen
650 _a Computer applications to medicine. Medical informatics
650 _a Medicine (General)
650 _aMedicine
856 _uhttps://doaj.org/toc/8406de3d349944e295c226b6483c0e82
942 _2ddc
942 _cDOAJEJ
999 _c74502
_d74502
945 _a1
_bMadushi Gamage
_c1
_dMadushi Gamage